Directory (of) charging authorities: alphabetical order. - November 1994. (Record no. 92940)

MARC details
000 -LEADER
fixed length control field 00678cam a2200229 4500
001 - CONTROL NUMBER
control field J2893
008 - FIXED-LENGTH DATA ELEMENTS--GENERAL INFORMATION
fixed length control field 090401t1994 xxu||||| |||| 00| 0 eng d
035 ## - SYSTEM CONTROL NUMBER
System control number (Sirsi) u51721
041 ## - LANGUAGE CODE
Language code of text/sound track or separate title eng
050 ## - LIBRARY OF CONGRESS CALL NUMBER
Classification number 333.332025
110 ## - MAIN ENTRY--CORPORATE NAME
Corporate name or jurisdiction name as entry element Valuation Office
9 (RLIN) 264
245 ## - TITLE STATEMENT
Title Directory (of) charging authorities: alphabetical order. - November 1994.
260 ## - PUBLICATION, DISTRIBUTION, ETC.
Place of publication, distribution, etc. London
Name of publisher, distributor, etc. Valuation Office
Date of publication, distribution, etc. 1994
300 ## - PHYSICAL DESCRIPTION
Extent 10p. ; 30cm.
350 ## - PRICE (NR) (BK AM CF MU VM SE) [OBSOLETE]
Price 0
520 ## - SUMMARY, ETC.
Summary, etc. To be used in conjunction with Directory of District Valuers and Valuation Officers q.v.
650 ## - SUBJECT ADDED ENTRY--TOPICAL TERM
Topical term or geographic name entry element CHARGING AUTHORITIES
650 ## - SUBJECT ADDED ENTRY--TOPICAL TERM
Topical term or geographic name entry element DIRECTORIES
690 ## - LOCAL SUBJECT ADDED ENTRY--TOPICAL TERM (OCLC, RLIN)
Topical term or geographic name as entry element RATING AND VALUATION
942 ## - ADDED ENTRY ELEMENTS (KOHA)
Suppress in OPAC 0
948 ## - LOCAL PROCESSING INFORMATION (OCLC); SERIES PART DESIGNATOR (RLIN)
c (OCLC) 04/03/1997
Holdings
Withdrawn status Lost status Source of classification or shelving scheme Damaged status Not for loan Home library Current library Shelving location Date acquired Total Checkouts Full call number Barcode Date last seen Copy number Price effective from Koha item type
    Dewey Decimal Classification     London London Enquiry desk 07/03/1995   ENQUIRY DESK 30045243 06/08/2019 1 06/08/2019 Reference material